000
00338pab a2200157 454500
008
180718b2002 xxu||||| |||| 00| 0 eng d
100
_a
Dhillon, K.S.
245
_a
Police reforms
260
_c
2002
300
_a
p.4.
362
_a
22 Apr
650
_a
Police regulation
650
_a
Police
773
_a
Statesman
909
_a
53464
999
_c
53464
_d
53464